000 00635nmm a2200193Ia 4500
008 251105s9999||||xx |||||||||||||||||und||
020 _a9788499800103
041 _aspa
100 _aCifuentes, Luis María
245 0 _aDidáctica de la filosofía
264 _a[Madrid, España] :
_bMinisterio de Educación, Cultura y Deporte de España,
_c2010
300 _a180 páginas
490 _aFormación del profesorado. Educación secundaria
650 _aEducation
700 _aCifuentes, Luis María
700 1 _a Gutiérrez, José María (coords.)
856 _uhttps://public.digitaliapublishing.com/a/30255
942 _cCF
999 _c64000
_d64000